Statistiken für Top 15 Länder mit Covid-19-Todesfällen - 19. Juni

Klicken Sie hier um das Quiz zu spielen!

Allgemein

  • Dieses Quiz wurde 9 mal gespielt
  • Das Durchschnittsergebnis liegt bei 15 aus 20

Antwortstatistiken

Land% Korrekt
Mexiko
100%
Vereinigtes Königreich
100%
Deutschland
88%
Indien
88%
Italien
88%
Kanada
88%
Russland
88%
Schweden
88%
Spanien
88%
Vereinigte Staaten
88%
Peru
75%
Schweiz
75%
Brasilien
63%
Chile
63%
Frankreich
63%
Iran
63%
Irland
63%
Belgien
50%
Niederlande
38%
Ecuador
25%

Verteilung der Resultate

Perzentil nach korrekt beantworteten Fragen

Anzahl Personen mit jedem Resultat

Ihre Resultats-Entwicklung

Sie haben dieses Quiz noch nicht gespielt